=LDR 00000nam 2200000 4500 =001 INLIS000000000025529 =005 20130612124029 =008 ***********************************Ind** =035 ##$$0010-061300000025529 =041 ##$$a Ind =082 ##$$a 641 =090 ##$$a 641, Bud d =100 ##$$a Budiyanto =245 ##$$a Dasar -dasar ilmu gizi, Budiyanto =260 ##$$a 2001 $b Malang =300 ##$$a 334 hlm, 21 cm =650 ##$$a Gizi - Ilmu =850 ##$$a NBPNMAT